THE COUNTER REVOLUTION OF SCIENCE (Record no. 10240)

MARC details
000 -LEADER
fixed length control field 00390 a2200169 4500
003 - CONTROL NUMBER IDENTIFIER
control field OSt
005 - DATE AND TIME OF LATEST TRANSACTION
control field 20211007101906.0
008 - FIXED-LENGTH DATA ELEMENTS--GENERAL INFORMATION
fixed length control field 211007b |||||||| |||| 00| 0 eng d
020 ## - INTERNATIONAL STANDARD BOOK NUMBER
International Standard Book Number 0913966665
040 ## - CATALOGING SOURCE
Transcribing agency HU
082 ## - DEWEY DECIMAL CLASSIFICATION NUMBER
Classification number 300.1
100 ## - MAIN ENTRY--PERSONAL NAME
Personal name F.A HAYEK
9 (RLIN) 11078
245 ## - TITLE STATEMENT
Title THE COUNTER REVOLUTION OF SCIENCE
260 ## - PUBLICATION, DISTRIBUTION, ETC.
Place of publication, distribution, etc. INDIIAN
Name of publisher, distributor, etc. HALL
Date of publication, distribution, etc. 1952
300 ## - PHYSICAL DESCRIPTION
Extent 416
942 ## - ADDED ENTRY ELEMENTS (KOHA)
Source of classification or shelving scheme Dewey Decimal Classification
Koha item type Books like text book referance book
Suppress in OPAC No
Holdings
Withdrawn status Lost status Source of classification or shelving scheme Damaged status Not for loan Home library Current library Shelving location Date acquired Total Checkouts Full call number Barcode Date last seen Copy number Price effective from Koha item type
    Dewey Decimal Classification     Social Library Social Library General Stacks 10/07/2021   300.1/HAY SHLIB 00001264 10/07/2021 1 10/07/2021 Books like text book referance book